| 000 | 00748cam a22002177a 4500 | ||
|---|---|---|---|
| 999 |
_c36800 _d36800 |
||
| 001 | 13620708 | ||
| 005 | 20230316173242.0 | ||
| 008 | 040609s2010 lu 000 0 eng d | ||
| 020 | _a9789279174865 | ||
| 041 | _aeng | ||
| 080 | _a327(4) E-91 | ||
| 100 | 1 |
_aFontaine, Pascal. _917217 |
|
| 245 | 1 | 0 |
_aEurope in 12 lessons / _cby Pascal Fontaine. |
| 264 |
_aBrussels : _bEU, _c2010. |
||
| 300 |
_a80 p. ; _c23 cm. |
||
| 440 | 0 |
_aEuropean documentation _917218 |
|
| 653 | _aევროკავშირი | ||
| 653 | _aეკონომიკური თანამშრომლობა ევროპაში | ||
| 653 | _aევროპის ეკონომიკური ინტეგრაცია | ||
| 942 |
_2udc _cMX |
||